000 00639nam a2200205Ia 4500
001 8699
003 GE_BSU
008 181216s||||||||xx |||||||||||||| ||und||
040 _cGE_BSU
080 _a03215075
245 _aАзия и Африка сегодня. №12(677). 2013.
245 _bЕжемесячный научный и общественно-политический журнал
245 _cГл.ред.А.М. Васильев
260 _aМосква
260 _c2013
300 _a80стр.29см.
653 _aАзия и африка сегодня
653 _aპერიოდიკა
942 _cCR
999 _c42013
_d42013